Optimale Kontrolle ökonomischer Prozesse

Saved in:
Bibliographic Details
Main Author: Feichtinger, Gustav
Other Authors: Hartl, Richard F.
Format: Book
Language:German
Published: Berlin Gruyter 1986
Edition:1. Aufl.
Tags: Add Tag
No Tags, Be the first to tag this record!

MARC

LEADER 00000nam a2200000 4500
001 c036963
005 20221220072226.4
041 0 |a ger 
044 |a DE 
245 1 0 |a Optimale Kontrolle ökonomischer Prozesse  |c Gustav Feichtinger, Richard F. Hartl 
250 |a 1. Aufl. 
264 1 |a Berlin  |b Gruyter  |c 1986 
300 |a 631 s. 
100 1 |a Feichtinger, Gustav 
700 1 |a Hartl, Richard F.